• 首页
  • 本馆介绍
  • 公告通知
  • 最新文献
  • 馆藏检索
  • 电子资源
  • 读者导购
  • 参考咨询
  • 我的图书馆
  • 登录
  • 详细信息显示
  • 放入我的书架
  • 预约/预借图书
  • 作者相关作品
  • 分类相关作品
  • 丛书相关作品
  • 出版社相关作品

书目信息

  • 表格格式
  • 工作单格式
  • 卡片格式
题名:
政治经济学
    
 
作者: 曹序 主编
分册:   社会主义部分
出版信息: 吉林    不详
页数: 194页
开本: 19cm
丛书名:
单 册:
中图分类: F02
科图分类:
主题词: 社会主义社会--生产方式
电子资源:
ISBN:
000 00529nam0 2200181 45
001 0009201784
005 20070707164829.57
100    @a20000920d km y0chiy0120 ea
101 0  @achi
200 1  @a政治经济学@AZheng Zhi Jing Ji Xue@i社会主义部分@f曹序主编@Fcao xu zhu bian
210    @a吉林@b东北师范大学@d不详
215    @a194页@d19cm
517    @a社会主义部分@Ashe hui zhu yi bu fen
606 0  @a社会主义社会@x生产方式
690    @aF02@v1
701  0 @a曹序@Acao xu@4主编
801    @aCN@bTSTC@c20070707
905    @dF02@e55@f1@b4208
    
    政治经济学.社会主义部分/曹序主编.-吉林(东北师范大学),不详
    194页;19cm
    
    
    ISBN :
    
●
相关链接 在E读中查询图书 在五车中查询图书 在当当中查询图书 在豆瓣中查询图书


正题名:政治经济学     索取号:F02/55         预约/预借

序号 登录号 条形码 馆藏地/架位号 状态 备注
1 0766806   207668068   第一样本阅览室/ [索取号:F02/55] 在馆    
唐山师范学院图书馆 欢迎您!
大连网信软件有限公司© 版权所有